<?xml version="1.0" encoding="UTF-8"?>
<record
    xmlns:xsi="http://www.w3.org/2001/XMLSchema-instance"
    xsi:schemaLocation="http://www.loc.gov/MARC21/slim http://www.loc.gov/standards/marcxml/schema/MARC21slim.xsd"
    xmlns="http://www.loc.gov/MARC21/slim">

  <leader>00684nam a22002171i 4500</leader>
  <controlfield tag="001">12808</controlfield>
  <datafield tag="010" ind1=" " ind2=" ">
    <subfield code="a">9789726094517</subfield>
  </datafield>
  <datafield tag="090" ind1=" " ind2=" ">
    <subfield code="a">12808</subfield>
  </datafield>
  <datafield tag="100" ind1=" " ind2=" ">
    <subfield code="a">20170304u        u  u0frey50      ba</subfield>
  </datafield>
  <datafield tag="101" ind1="0" ind2=" ">
    <subfield code="a">por</subfield>
  </datafield>
  <datafield tag="200" ind1="1" ind2=" ">
    <subfield code="f">Richard C. Woolfson</subfield>
    <subfield code="a">Porque &#xE9; que os mi&#xFA;dos se portam assim?</subfield>
    <subfield code="e">guia pr&#xE1;tico para uma educa&#xE7;&#xE3;o positiva</subfield>
  </datafield>
  <datafield tag="210" ind1=" " ind2=" ">
    <subfield code="c">Selec&#xE7;&#xF5;es do Reader's Digest</subfield>
    <subfield code="a">Lisboa</subfield>
    <subfield code="d">2005</subfield>
  </datafield>
  <datafield tag="215" ind1=" " ind2=" ">
    <subfield code="a">192 p.</subfield>
    <subfield code="c">fot.</subfield>
    <subfield code="d">26 cm</subfield>
  </datafield>
  <datafield tag="300" ind1=" " ind2=" ">
    <subfield code="a">Oferta do Doutor Hugo Corte Real</subfield>
  </datafield>
  <datafield tag="606" ind1=" " ind2="1">
    <subfield code="a">Crian&#xE7;as - comportamento</subfield>
  </datafield>
  <datafield tag="606" ind1=" " ind2="1">
    <subfield code="a">Rela&#xE7;&#xF5;es pa&#xED;s-filhos</subfield>
  </datafield>
  <datafield tag="675" ind1=" " ind2=" ">
    <subfield code="a">159.9 </subfield>
    <subfield code="9">104</subfield>
  </datafield>
  <datafield tag="700" ind1=" " ind2="1">
    <subfield code="a">Woolfson</subfield>
    <subfield code="b">Richard C.</subfield>
    <subfield code="4">070</subfield>
  </datafield>
  <datafield tag="701" ind1=" " ind2="1">
    <subfield code="a">Pernas</subfield>
    <subfield code="b">Maria do Ros&#xE1;rio</subfield>
    <subfield code="4">730</subfield>
  </datafield>
  <datafield tag="801" ind1=" " ind2=" ">
    <subfield code="a">PT</subfield>
    <subfield code="g">RPC</subfield>
  </datafield>
  <datafield tag="990" ind1=" " ind2=" ">
    <subfield code="c">LIVROS</subfield>
  </datafield>
  <datafield tag="995" ind1=" " ind2=" ">
    <subfield code="0">0</subfield>
    <subfield code="1">0</subfield>
    <subfield code="9">17371</subfield>
    <subfield code="b">BMVA</subfield>
    <subfield code="d">BMVA</subfield>
    <subfield code="e">Psicologia</subfield>
    <subfield code="f">0018733</subfield>
    <subfield code="k">159.9 WOO</subfield>
    <subfield code="m">2025-05-14</subfield>
    <subfield code="o">0</subfield>
    <subfield code="r">LIVROS</subfield>
    <subfield code="a">BMVA</subfield>
    <subfield code="c">BMVA</subfield>
    <subfield code="q">25</subfield>
  </datafield>
</record>
